000 00397nam a2200145Ia 4500
008 240624s9999 xx 000 0 und d
041 _aeng
082 _a658.4092 WAL
100 _aWALKER ROBYN
245 _aSTRATEGIC MANAGEMENT COMMUNICATION FOR L
250 _a(2nd ed.)
260 _c2011
_aAustralia
_bSouth-Western Cengage Learning
300 _axvi, : 361 : p. : cm. ; 25
365 _c
_b25
999 _c16792
_d16792